Регионална библиотека "Любен Каравелов" - Русе

Традициите (Запис номер 524626)

MARC детайли
000 -Лидер
Лидер 01173nam a2200277 a 4500
003 - Код на организацията, давaща контролен номер
Код на организацията, даваща контролен номер BLK
005 - Дата и час на последна редакция
Дата и час на последна редакция 20250111115229.0
008 - Елементи от данни с фиксирана дължина
Елементи с фиксирана дължина 200103b bu ||||| |||| 00| 0 bu d
020 ## - Международен стандартен номер на книга ISBN
ISBN 9789546722560
040 ## - Източник на каталожния запис
Код на библиотеката BLK
041 ## - Код за език
Език Български
Език за КДБФ Български
080 ## - УДК
УДК текст Етнология. Етнография. Нрави. Обичаи. Бит. Фолклористика. Вж и 572 ; 903 ; 904
УДК код 39
УДК – код + определител 39
9 (RLIN) 231086
100 ## - Редна дума - Автор
R(LIN) 246119
Автор Кънчева, Невяна Денчева
245 ## - Сведения за заглавието
Заглавие Традициите
Подзаглавни данни Празници, обичаи, фолклор : Над 100 факта за България
Авторска отговорност Невяна Кънчева
260 ## - Област на издателските данни
9 (RLIN) 209633
Място на издаване София
Име на издателя Колхида
Година на издаване 2019
300 ## - Физическа характеристика
Брой страници 24 с.
Размер 28 см
380 ## - Жанр
Жанр Детска отраслова лит.
490 ## - СЕРИИ (Колекции)
9 (RLIN) 401566
Серия Мини енциклопедия
650 #0 - Допълнително описание по предмет – тема
9 (RLIN) 243477
Предметна рубрика Празници, български
650 #0 - Допълнително описание по предмет – тема
9 (RLIN) 246102
Предметна рубрика Фолклор, български
650 #7 - Допълнително описание по предмет – тема
9 (RLIN) 154962
Предметна рубрика Енциклопедии, детски
852 ## - Местоположение
Отдел Детски отдел
Систематично-азбучна сигнатура ДН 39/К 96 Н
942 ## - АРТИКУЛИ
Вид на библиотечния документ Книги
Скрит в OPAC Не
Koha issues (borrowed), all copies 1
944 ## - СЪЗДАВАНЕ И РЕДАКЦИЯ на ЗАПИСА
Дата на регистрацията/редакция Кети Илиева
Служител, извършил регистрацията/редакцията 30550
Номер на служител Кети Илиева
Създаване/Редакция
999 ## - СИСТЕМНИ КОНТРОЛНИ НОМЕРА
Koha biblionumber 524626
Koha biblioitemnumber 524626
Наличности
Код за отписване Код за изгубен артикул Източник на класификационната схема Код за повреда Код за отдаване Артикулен № Име на библиотеката - собственик Име на библиотеката, в която се намира в момента Статус (Текущо местоположение) Дата на вписване в системата Местоположение - отдел Цена в лева Инвентарен номер Систематично азбучна сигнатура Баркод Цена в евро Служебен тип на артикула
  Не е изгубен Universal Decimal Classification Не е повреден заемане за дома 957768 Регионална библиотека "Любен Каравелов" Русе Регионална библиотека "Любен Каравелов" Русе Детски отдел 2025-01-08 Детски отдел 6.49 120000916534 ДН 39/К 96 Н 120000916534 3.32 Книги
Vip Innovations Ltd, Rousse, Bulgaria 2025